000 00474nam a2200181Ia 4500
003 GCL
008 140319s9999 xx 000 0 eng d
040 _aGCL /
_cGCL
082 0 4 _a617.7
_bM P
100 1 _aMILLER, STEPHEN, J.H
245 1 0 _aPARSON'S DISEASES OF THE EYE /
_cMILLER, STEPHEN, J.H
260 _a[S.N] :
_bCHURCHILL LIVINGSTONE ،
_c1994
300 _a442 P
650 0 4 _aMEDICINE
650 0 4 _aOPHTHALMOLOGY
650 0 4 _aEYE DISEASES
942 _2ddc
_cBK
999 _c19978
_d19978